000 00383pab a2200145 454500
008 180718b2015 xxu||||| |||| 00| 0 eng d
100 _aSharma, Supriya
245 _aWhy Indians work: a cultural values perspective
260 _c2015
300 _ap.425-437.
362 _aJan
650 _aCultural values
773 _aIndian Journal of Industrial Relations
909 _a108790
999 _c108785
_d108785